00711nam a2200241 a 4500001001300000003000900013005001700022008004100039020001000080082001300090100001700103245004900120260006200169300000900231500003500240505001200275650002600287700001700313902000800330942000700338952010900345999001500454nice12345678IN_TiNIC20260116011749.0050524s1940 hyda grp 000 0 hin  ac2.500a934bMAH aMahmud, Syed aPurv-Kalim Bharatb History of Ancient India aHyderabadbInst.Of Indo-Middle East Cultural Studiec1940 a140p aincludes index and biblioraphy2 aTurkish aIndia-Ancient History1 aMahmud, Syed bSRS cBK 001040708StackRoom-aHMIbHMId2007-06-06g2.50l0o934 MAHp06303r2007-06-06v2.50w2005-05-24yBK c3787d3787